Statistics for AS Roma - Lazio 2015-2016

Click here to take the quiz!

General Stats

  • This quiz has been taken 115 times
  • The average score is 13 of 30

Answer Stats

Answer% Correct
Edin Dzeko ¹
81%
Kostas Manolas
74%
Alessandro Florenzi
66%
Radja Nainggolan
66%
Miroslav Klose
64%
W. Szczesny
61%
Mohamed Salah
59%
Federico Marchetti
55%
Antonio Rüdiger
54%
Rudi Garcia
54%
Antonio Candreva
53%
Felipe Anderson
53%
Baldé Keita
48%
Seydou Keita
48%
Lucas Biglia
46%
Gervinho ¹
44%
Marco Parolo
43%
Stefan Radu
43%
Senad Lulic
39%
Stefano Pioli
36%
Lucas Digne
35%
Dusan Basta
28%
Juan Iturbe
28%
Iago Falqué
26%
Vasilis Torosidis
26%
Filip Djordjevic
25%
Mauricio
14%
Santiago Gentiletti
11%
William Vainqueur
11%
Alessandro Matri
10%

Score Distribution

Percentile by Number Answered

Percent of People with Each Score

Your Score History

You have not taken this quiz